000 00460nam a2200169Ia 4500
008 221030s9999 xx 000 0 und d
020 _a8178083515
041 _aEnglish
082 _a105.23
_bCou
100 _aR. F. Coughlin
245 0 _aOperational Amplifiers & Linear Integrated Circuits
_cby R. F. Coughlin, F. F. Driscoll
260 _bPearson Education
_aNew Delhi
_c2001
300 _a529
650 _aECE
700 _aF. F. Driscoll
942 _cBK
999 _c8037
_d8037